| 000 | 01078nac a22003257a 4500 | ||
|---|---|---|---|
| 001 | BR9800012 | ||
| 003 | BR-BrBNA | ||
| 005 | 20240105122000.0 | ||
| 008 | 230509b bl.|||m| |||| 00| 0 por d | ||
| 040 |
_aBR-BrBNA _bpor _cBiblioteca Nacional de Agricultura |
||
| 072 | _aE16; E70; E71 | ||
| 090 | _a1720 BR9800012 | ||
| 100 | 1 | _aKreuz, C.L. | |
| 100 | 1 | _aLucini, M.A. | |
| 100 | 1 | _aDallamaria, G.C.M. | |
| 110 | 1 | _aEmpresa de Pesquisa Agropecuaria e Extensao Rural de Santa Catarina S.A., Florianopolis (Brasil) | |
| 245 | 1 | _aCadeias produtivas do Estado de Santa Catarina: alho | |
| 260 | 3 |
_aFlorianopolis, SC (Brasil): _c1997. |
|
| 300 | _a43 p. | ||
| 490 |
_aBoletim Tecnico - Empresa de Pesquisa Agropecuaria e Extensao Rural de Santa Catarina S.A. (Brazil) _vno. 94 _xISSN 0100-7416 |
||
| 500 | _a16 ref.; 15 ref. | ||
| 650 | _aAlho | ||
| 650 | _aEstatistica de Producao | ||
| 650 | _aImportacao | ||
| 650 | _aExportacao | ||
| 650 | _aPreco | ||
| 650 | _aSanta Catarina | ||
| 909 |
_a202312 _bLúcia Elande _c55 _dLúcia Elande |
||
| 942 |
_2AGRIS _n0 _cMS |
||
| 999 |
_c288570 _d288570 |
||